[Event "Olomouc Chess Summer 2013 - Valoz Cup"]
[Site "?"]
[Date "2013.08.05"]
[Round "6.1"]
[White "Mirzoev, Azer"]
[Black "Simacek, Pavel"]
[Result "1/2-1/2"]
[WhiteElo "2536"]
[BlackElo "2468"]
[PlyCount "96"]
[EventDate "2013.??.??"]

1. d4 d5 2. Nf3 c6 3. c4 e6 4. Qc2 Bd6 5. Bg5 f6 6. Bh4 Ne7 7. Bg3 Nf5 8. Bxd6
Nxd6 9. Nbd2 Qa5 10. e3 Na6 11. a3 dxc4 12. Bxc4 Nxc4 13. Qxc4 c5 14. O-O cxd4
15. b4 Qc7 16. Nxd4 Qxc4 17. Nxc4 Ke7 18. Rfc1 e5 19. Nb3 Be6 20. b5 Nc7 21. a4
Rhc8 22. Nba5 Ne8 23. f4 Rc7 24. Nb2 Rac8 25. Rxc7+ Rxc7 26. fxe5 fxe5 27. Nd3
Rc3 28. Nxe5 Rxe3 29. Nf3 Bd5 30. Rd1 Nf6 31. Rc1 Kd6 32. Nd2 Re2 33. Nac4+ Ke7
34. Nf3 Ra2 35. Ne3 Be4 36. Rc7+ Kd6 37. Rxg7 Rxa4 38. Ng5 Rb4 39. Rf7 Ke5 40.
Re7+ Kf4 41. Nxe4 Rxe4 42. Rf7 Kxe3 43. Rxf6 Rb4 44. Rf3+ Ke2 45. Rf2+ Ke3 46.
Rf3+ Ke4 47. Ra3 Rxb5 48. Rxa7 Rb2 1/2-1/2

[Event "Olomouc Chess Summer 2013 - Valoz Cup"]
[Site "?"]
[Date "2013.08.05"]
[Round "6.2"]
[White "Mammadov, Zaur"]
[Black "Cerveny, Petr"]
[Result "1-0"]
[WhiteElo "2437"]
[BlackElo "2285"]
[PlyCount "75"]
[EventDate "2013.??.??"]

1. e4 e6 2. d4 d5 3. Nc3 Nf6 4. Bg5 Be7 5. e5 Nfd7 6. Bxe7 Qxe7 7. f4 a6 8. Qd2
c5 9. dxc5 Nxc5 10. Nf3 Nc6 11. Qe3 b5 12. a3 b4 13. axb4 Nxb4 14. Nd4 O-O 15.
Be2 Bd7 16. O-O Rab8 17. Ra5 Rfc8 18. Rfa1 Kh8 19. Bd1 h6 20. Nce2 Ne4 21. c3
Nc6 22. R5a2 Nxd4 23. Nxd4 Bb5 24. Ra3 Be8 25. Rb3 Rxb3 26. Nxb3 Qb7 27. Ra3
Bb5 28. Nd4 Bc4 29. b4 Bb5 30. Bc2 Kg8 31. h3 Rc7 32. Kh2 Kh8 33. f5 exf5 34.
Nxf5 Rc4 35. Bxe4 Rxe4 36. Qg3 g6 37. Nd6 Qa7 38. Nxb5 1-0

[Event "Olomouc Chess Summer 2013 - Valoz Cup"]
[Site "?"]
[Date "2013.08.05"]
[Round "6.3"]
[White "Krejci, Jan"]
[Black "Akkozov, Berik"]
[Result "1-0"]
[WhiteElo "2521"]
[BlackElo "2377"]
[PlyCount "63"]
[EventDate "2013.??.??"]

1. d4 d5 2. c4 c6 3. Nc3 Nf6 4. e3 a6 5. Qc2 g6 6. Bd3 Bg7 7. Nf3 O-O 8. O-O
Bg4 9. Ne5 Be6 10. Bd2 dxc4 11. Bxc4 Bxc4 12. Nxc4 Nbd7 13. b4 Qc7 14. f4 Nd5
15. Ne4 Rac8 16. Rac1 b6 17. Qb3 Qa7 18. Rc2 N5f6 19. Nxf6+ Bxf6 20. Ne5 Bxe5
21. fxe5 e6 22. e4 b5 23. Be3 Nb6 24. d5 cxd5 25. exd5 exd5 26. Rf6 d4 27. Bxd4
Qd7 28. Bc5 Rfe8 29. Rd6 Qc7 30. Rxb6 Qxe5 31. Rf2 Rc7 32. Rbf6 1-0

[Event "Olomouc Chess Summer 2013 - Valoz Cup"]
[Site "?"]
[Date "2013.08.05"]
[Round "6.4"]
[White "Rzayev, Bahruz"]
[Black "Simantsev, Mikhail"]
[Result "1-0"]
[WhiteElo "2429"]
[BlackElo "2473"]
[PlyCount "69"]
[EventDate "2013.??.??"]

1. Nf3 c5 2. c4 Nf6 3. Nc3 e6 4. g3 b6 5. Bg2 Bb7 6. O-O Be7 7. Re1 d6 8. e4 a6
9. d4 cxd4 10. Nxd4 Qc7 11. Be3 O-O 12. Rc1 Re8 13. f4 Bf8 14. g4 Nfd7 15. g5
Nc6 16. Nde2 Rac8 17. h4 Qb8 18. h5 Nc5 19. Ng3 b5 20. cxb5 axb5 21. g6 fxg6
22. hxg6 h6 23. Nxb5 Ba6 24. a4 Nxa4 25. Qxa4 Bxb5 26. Qa2 d5 27. exd5 Nb4 28.
Qb3 Nd3 29. Rxc8 Rxc8 30. Rd1 Nxf4 31. dxe6 Nxg2 32. e7+ Kh8 33. Bd4 Ne3 34.
Qxe3 Bxe7 35. Qxh6+ 1-0

[Event "Olomouc Chess Summer 2013 - Valoz Cup"]
[Site "?"]
[Date "2013.08.05"]
[Round "6.5"]
[White "Bures, Jaroslav"]
[Black "Narayanan, Srinath"]
[Result "1/2-1/2"]
[WhiteElo "2379"]
[BlackElo "2475"]
[PlyCount "77"]
[EventDate "2013.??.??"]

1. d4 Nf6 2. c4 c5 3. d5 e6 4. Nc3 exd5 5. cxd5 d6 6. g3 g6 7. Bg2 Bg7 8. Nf3
O-O 9. O-O Re8 10. a4 Ne4 11. Nxe4 Rxe4 12. Nd2 Rb4 13. Qc2 b6 14. Ra2 Qe7 15.
Nc4 Na6 16. Ra3 Nc7 17. Bf4 Bb7 18. Rd1 Rd8 19. e4 b5 20. Nxd6 Rxb2 21. Qxc5
Na6 22. Qxa7 Rxd6 23. Bxd6 Qxd6 24. Qxb7 Qxa3 25. Qxa6 bxa4 26. d6 Qc5 27. Qa8+
Bf8 28. e5 Qxf2+ 29. Kh1 Rd2 30. Rg1 Qd4 31. Rf1 Rd1 32. Qf3 Rxf1+ 33. Bxf1 h5
34. Qd3 Qb6 35. Qd5 Qb1 36. Kg2 Qc2+ 37. Kh1 Qb1 38. Kg2 Qb2+ 39. Kh1 1/2-1/2

[Event "Olomouc Chess Summer 2013 - Prima Pack "]
[Site "?"]
[Date "2013.08.05"]
[Round "6.1"]
[White "Kubik, Michael"]
[Black "Efroimski, Marsel"]
[Result "1/2-1/2"]
[WhiteElo "2154"]
[BlackElo "2297"]
[PlyCount "97"]
[EventDate "2013.??.??"]

1. e4 c6 2. d4 d5 3. e5 c5 4. Nf3 Bg4 5. Be2 Nc6 6. c3 e6 7. Nbd2 cxd4 8. Nxd4
Bxe2 9. Qxe2 Nge7 10. N2f3 Ng6 11. h4 Nxd4 12. Nxd4 h6 13. h5 Ne7 14. O-O Qd7
15. Bf4 Nc6 16. Qg4 O-O-O 17. Nxc6 Qxc6 18. a4 Qc4 19. Rfd1 g5 20. hxg6 Rg8 21.
Qf3 Rxg6 22. b4 Rd7 23. Rac1 Qc6 24. Rd4 Rc7 25. c4 dxc4 26. Qxc6 Rxc6 27.
Rdxc4 Kd7 28. Rd1+ Kc8 29. Rcd4 Be7 30. Be3 Rc7 31. a5 b6 32. axb6 axb6 33. b5
Kb7 34. Ra4 Bc5 35. Bxc5 bxc5 36. Rb1 Rc8 37. b6 Ra8 38. Rxa8 Kxa8 39. Rc1 Kb7
40. Rxc5 Kxb6 41. Rc3 Rg5 42. f4 Rg4 43. Rc4 Kb5 44. Re4 h5 45. Kh2 Kc6 46. Kh3
Kd7 47. Ra4 Ke7 48. g3 Kf8 49. Ra7 1/2-1/2

[Event "Olomouc Chess Summer 2013 - Prima Pack "]
[Site "?"]
[Date "2013.08.05"]
[Round "6.2"]
[White "Tokmachev, Mikhail"]
[Black "Kholopov, Alexander A"]
[Result "0-1"]
[WhiteElo "2356"]
[BlackElo "2310"]
[PlyCount "136"]
[EventDate "2013.??.??"]

1. d4 Nf6 2. c4 g6 3. Nc3 d5 4. Nf3 Bg7 5. e3 O-O 6. Bd2 c5 7. dxc5 Na6 8. cxd5
Nxc5 9. Bc4 a6 10. O-O b5 11. Bb3 Bb7 12. Rc1 b4 13. Na4 Nxb3 14. Qxb3 a5 15.
Rfd1 Bxd5 16. Qc2 Bxf3 17. gxf3 Qd5 18. Nb6 Qxf3 19. Nxa8 Ng4 20. Be1 Be5 21.
Rd3 Rxa8 22. e4 Bxh2+ 23. Kf1 Qh1+ 24. Ke2 Qxe4+ 25. Kd1 Bd6 26. Qe2 Qf5 27.
Rf3 Qh5 28. Rc2 a4 29. Qe4 Rd8 30. Kc1 Ne5 31. Re3 Bc5 32. Ree2 Nd3+ 33. Kb1
Nxe1 34. Rxe1 b3 35. Rcc1 bxa2+ 36. Kxa2 Bxf2 37. Rf1 Bc5 38. Qxa4 Bd6 39. Qc4
Qa5+ 40. Kb1 e6 41. Rc3 Be5 42. Rb3 Qa7 43. Qe4 Qd4 44. Qxd4 Rxd4 45. Rb7 Rf4
46. Rxf4 Bxf4 47. Kc2 h5 48. Kd3 g5 49. b4 Kg7 50. b5 h4 51. Ra7 h3 52. Ke4 Kg6
53. Kf3 f5 54. b6 Bd6 55. b7 g4+ 56. Ke2 h2 57. Ra1 f4 58. Kf2 f3 59. Rd1 Bb8
60. Ke3 Kg5 61. Ke4 Kh4 62. Rd8 f2 63. Rxb8 h1=Q+ 64. Ke3 Qc1+ 65. Ke4 Qb1+ 66.
Ke3 f1=Q 67. Rh8+ Kg3 68. b8=Q+ Qxb8 0-1

[Event "Olomouc Chess Summer 2013 - Prima Pack "]
[Site "?"]
[Date "2013.08.05"]
[Round "6.3"]
[White "Dobes, Vojtech"]
[Black "Klima, Lukas"]
[Result "1/2-1/2"]
[WhiteElo "2106"]
[BlackElo "2353"]
[PlyCount "22"]
[EventDate "2013.??.??"]

1. e4 c5 2. Nf3 Nc6 3. d4 cxd4 4. Nxd4 Qb6 5. Nb3 Nf6 6. Nc3 e6 7. Bd3 Be7 8.
O-O a6 9. Be3 Qc7 10. f4 d6 11. Qe1 O-O 1/2-1/2

[Event "Olomouc Chess Summer 2013 - Prima Pack "]
[Site "?"]
[Date "2013.08.05"]
[Round "6.4"]
[White "Obsivac, Josef"]
[Black "Jurek, Josef"]
[Result "1/2-1/2"]
[WhiteElo "2298"]
[BlackElo "2278"]
[PlyCount "23"]
[EventDate "2013.??.??"]

1. c4 Nf6 2. Nc3 c5 3. Nf3 e6 4. d4 cxd4 5. Nxd4 Bb4 6. g3 Ne4 7. Qd3 Bxc3+ 8.
bxc3 Nc5 9. Qf3 d6 10. Bg2 Nbd7 11. Qh5 O-O 12. O-O 1/2-1/2

[Event "Olomouc Chess Summer 2013 - Prima Pack "]
[Site "?"]
[Date "2013.08.05"]
[Round "6.5"]
[White "Biolek, Richard"]
[Black "Wiley, Tom E"]
[Result "1/2-1/2"]
[WhiteElo "2437"]
[BlackElo "2256"]
[PlyCount "77"]
[EventDate "2013.??.??"]

1. Nf3 Nf6 2. g3 d5 3. Bg2 c6 4. O-O Bg4 5. b3 Nbd7 6. Bb2 e6 7. c4 Bd6 8. d3
Qe7 9. h3 Bxf3 10. Bxf3 O-O 11. Bg2 Rfd8 12. Nd2 Ba3 13. Qc1 Bxb2 14. Qxb2 a5
15. Rfc1 Qd6 16. a3 Qe5 17. Qxe5 Nxe5 18. d4 dxc4 19. Nxc4 Nxc4 20. Rxc4 Ne8
21. e3 Nd6 22. Rc5 Ra6 23. Bf1 Ra7 24. Bd3 h6 25. Kf1 Kf8 26. Ke2 Ke7 27. h4
Ne8 28. h5 Rd5 29. Rxd5 cxd5 30. Rc1 Ra8 31. f3 Nd6 32. Rc5 Kd7 33. e4 b6 34.
Rc1 Rc8 35. Rxc8 Kxc8 36. g4 dxe4 37. fxe4 f6 38. Ke3 e5 39. d5 1/2-1/2

[Event "Olomouc Chess Summer 2013 - Open Olomou"]
[Site "?"]
[Date "2013.08.05"]
[Round "6.1"]
[White "Plat, Vojtech"]
[Black "Stachanczyk, Jacek"]
[Result "1-0"]
[WhiteElo "2470"]
[BlackElo "2227"]
[PlyCount "63"]
[EventDate "2013.??.??"]

1. d4 d5 2. Nf3 Nf6 3. c4 c6 4. Nc3 dxc4 5. a4 Bf5 6. e3 e6 7. Bxc4 Bb4 8. O-O
O-O 9. Qe2 Bg4 10. h3 Bh5 11. g4 Bg6 12. Ne5 Nbd7 13. Nxg6 hxg6 14. f4 Rc8 15.
Rd1 Qa5 16. g5 Nh5 17. Ne4 Nb6 18. Bb3 Rfd8 19. Bd2 Bxd2 20. Qxd2 Qf5 21. Qg2
Nd5 22. Qf3 Nb4 23. Rac1 b6 24. Nf2 Rc7 25. Ng4 Rdc8 26. Ne5 c5 27. dxc5 Rxc5
28. Rxc5 bxc5 29. Nc4 Rc6 30. Rd8+ Kh7 31. Ne5 Qb1+ 32. Bd1 1-0

[Event "Olomouc Chess Summer 2013 - Open Olomou"]
[Site "?"]
[Date "2013.08.05"]
[Round "6.2"]
[White "Vrana, Jan"]
[Black "Pasiev, Rakhim"]
[Result "1-0"]
[WhiteElo "2356"]
[BlackElo "2376"]
[PlyCount "59"]
[EventDate "2013.??.??"]

1. e4 Nc6 2. d4 d5 3. e5 Bf5 4. Nf3 e6 5. Bd3 Nge7 6. O-O h5 7. Bg5 Qd7 8. c3
Bxd3 9. Qxd3 Nf5 10. b4 Be7 11. b5 Na5 12. Nbd2 f6 13. exf6 gxf6 14. Bf4 Bd6
15. Bxd6 cxd6 16. Rfe1 Kf7 17. Re2 Rae8 18. Rae1 Qc8 19. Nf1 Nc4 20. Ng3 Nxg3
21. hxg3 Re7 22. Nh4 Qg8 23. f4 Ke8 24. Ng6 Rhh7 25. Nxe7 Rxe7 26. Qf3 Qf7 27.
Kf2 Na3 28. Rh1 Nxb5 29. Rxh5 Rc7 30. Qxd5 1-0

[Event "Olomouc Chess Summer 2013 - Open Olomou"]
[Site "?"]
[Date "2013.08.05"]
[Round "6.3"]
[White "Sabuk, Piotr"]
[Black "Maryasin, Boris"]
[Result "1-0"]
[WhiteElo "2239"]
[BlackElo "2332"]
[PlyCount "68"]
[EventDate "2013.??.??"]

1. d4 Nf6 2. c4 g6 3. Nc3 Bg7 4. e4 d6 5. Nf3 O-O 6. h3 e5 7. d5 Na6 8. Bg5 Qe8
9. g4 Nc5 10. Nd2 c6 11. Qf3 Nfd7 12. Rg1 a5 13. h4 Nb6 14. h5 f6 15. Be3 cxd5
16. cxd5 Bd7 17. h6 Bh8 18. b3 Nc8 19. a4 Na7 20. Bc4 Rc8 21. Qe2 b6 22. Kd1
Rc7 23. Rc1 Qe7 24. Ba6 Rb8 25. Nb5 Nxb5 26. Bxb5 Rbc8 27. Bxd7 Qxd7 28. Qb5
Qxb5 29. axb5 Kf8 30. f3 Ke7 31. Ke2 Nd7 32. Rc6 Rxc6 33. dxc6 Nc5 34. Bxc5 f5
1-0

[Event "Olomouc Chess Summer 2013 - Open Olomou"]
[Site "?"]
[Date "2013.08.05"]
[Round "6.4"]
[White "Beil, Zdenek"]
[Black "Kazakov, Konstantin"]
[Result "0-1"]
[WhiteElo "2238"]
[BlackElo "2307"]
[PlyCount "94"]
[EventDate "2013.??.??"]

1. d4 Nf6 2. Nf3 b5 3. a4 b4 4. g3 Bb7 5. Bg2 e6 6. c4 c5 7. O-O cxd4 8. Qxd4
Nc6 9. Qd3 Be7 10. e4 d6 11. Qe2 O-O 12. Nbd2 a5 13. Rd1 Qc7 14. b3 Nd7 15. Bb2
e5 16. Ne1 Nd8 17. h4 Ne6 18. Nc2 Ndc5 19. Kh2 Rfe8 20. Rf1 Qd8 21. Rh1 Bf6 22.
Rae1 Rc8 23. Ba1 h6 24. Kg1 Nd4 25. Nxd4 exd4 26. Kh2 d5 27. cxd5 Bxd5 28. Qd1
Ba8 29. f4 Bxh4 30. gxh4 Qxh4+ 31. Kg1 Qxf4 32. Rh3 Rcd8 33. Rf3 Qg5 34. Rf5
Qe7 35. Qg4 Bb7 36. Qg3 Bc8 37. Rff1 Rd6 38. Kh2 Rg6 39. Qf3 Bg4 40. Qg3 Bh5
41. Qh3 Bg4 42. Qg3 Be6 43. Qf3 Qh4+ 44. Kg1 Rg3 45. Qe2 Bh3 46. Rf2 Re3 47.
Qf1 Bxg2 0-1

[Event "Olomouc Chess Summer 2013 - Open Olomou"]
[Site "?"]
[Date "2013.08.05"]
[Round "6.5"]
[White "Forlano, Luigi"]
[Black "Chudinovskikh, Alexander M"]
[Result "0-1"]
[WhiteElo "1975"]
[BlackElo "2299"]
[PlyCount "70"]
[EventDate "2013.??.??"]

1. d4 Nf6 2. c4 e6 3. Nc3 Bb4 4. e3 O-O 5. Nge2 d5 6. a3 Be7 7. cxd5 exd5 8.
Ng3 c5 9. dxc5 Bxc5 10. Nce2 Nc6 11. b4 Bb6 12. Bb2 Re8 13. Nd4 g6 14. Be2 h5
15. Bf3 Ne5 16. O-O h4 17. Nge2 h3 18. g3 Nxf3+ 19. Nxf3 Bg4 20. Nfd4 Qe7 21.
Qd3 Nd7 22. f3 Qxe3+ 23. Qxe3 Rxe3 24. Kh1 Be6 25. Nf4 Rc8 26. Rac1 Rc4 27.
Ndxe6 fxe6 28. Rxc4 dxc4 29. Nxh3 Rb3 30. Bc1 Ne5 31. Ng5 Nd3 32. Kg2 Rc3 33.
Bd2 Rc2 34. Ne4 c3 35. Nxc3 Rxd2+ 0-1

[Event "Olomouc Chess Summer 2013 - Open Olomou"]
[Site "?"]
[Date "2013.08.05"]
[Round "6.6"]
[White "Hjelmaas, Lars"]
[Black "Schmid, Thomas"]
[Result "1-0"]
[WhiteElo "2270"]
[BlackElo "2197"]
[PlyCount "75"]
[EventDate "2013.??.??"]

1. d4 Nf6 2. c4 g6 3. Nc3 Bg7 4. e4 d6 5. f4 O-O 6. Nf3 c5 7. d5 e6 8. Be2 exd5
9. cxd5 Bg4 10. O-O Nbd7 11. h3 Bxf3 12. Bxf3 a6 13. a4 Rb8 14. g4 b5 15. axb5
axb5 16. g5 Ne8 17. Ra7 b4 18. Ne2 Nc7 19. Ng3 Nb5 20. Ra6 c4 21. e5 dxe5 22.
f5 Re8 23. Be4 Nc5 24. fxg6 hxg6 25. Bxg6 fxg6 26. Rxg6 Rb6 27. Rff6 Nd7 28.
Nf5 Nxf6 29. gxf6 Qxf6 30. Rxf6 Rxf6 31. Qg4 Rxf5 32. Qxf5 Nd4 33. Qe4 c3 34.
bxc3 bxc3 35. h4 Kf7 36. h5 Rg8 37. Qg6+ Kf8 38. Ba3# 1-0

[Event "Olomouc Chess Summer 2013 - Open Olomou"]
[Site "?"]
[Date "2013.08.05"]
[Round "6.7"]
[White "Kireev, Aleksei"]
[Black "Furman, Boris"]
[Result "1/2-1/2"]
[WhiteElo "2337"]
[BlackElo "2164"]
[PlyCount "54"]
[EventDate "2013.??.??"]

1. d4 Nf6 2. Nf3 d5 3. Bg5 Ne4 4. Bh4 c5 5. c3 Qb6 6. Qb3 Qxb3 7. axb3 Nc6 8.
e3 cxd4 9. exd4 g6 10. Nbd2 Nxd2 11. Kxd2 Bg7 12. Bb5 Bd7 13. Rhe1 e6 14. b4
Ne5 15. dxe5 Bxb5 16. Bf6 Bh6+ 17. Kc2 O-O 18. Nd4 Bd7 19. b5 Rfc8 20. Ra3 Bf8
21. Ra4 Bc5 22. Rea1 Bxd4 23. Rxd4 Bxb5 24. h4 Rc4 25. b3 Rxd4 26. cxd4 a5 27.
Kd2 Bc6 1/2-1/2

[Event "Olomouc Chess Summer 2013 - Open Olomou"]
[Site "?"]
[Date "2013.08.05"]
[Round "6.8"]
[White "Prandstetter, Eduard"]
[Black "Johansson, Jan"]
[Result "0-1"]
[WhiteElo "2270"]
[BlackElo "2394"]
[PlyCount "52"]
[EventDate "2013.??.??"]

1. e4 g6 2. d4 Bg7 3. Nc3 d6 4. Nge2 Nf6 5. g3 O-O 6. Bg2 Na6 7. O-O c5 8. dxc5
Nxc5 9. h3 Rb8 10. Nd4 Bd7 11. Kh2 b5 12. Re1 b4 13. Nd5 Na4 14. Rb1 e5 15. Ne2
Nxd5 16. exd5 Qc8 17. Ng1 Bb5 18. Be3 a5 19. Bf1 Qd7 20. Qd2 Rfc8 21. Bg2 Rb7
22. Bf1 Bxf1 23. Rxf1 Rbc7 24. c3 bxc3 25. bxc3 Nxc3 26. Rbc1 Qb5 0-1

[Event "Olomouc Chess Summer 2013 - Open Olomou"]
[Site "?"]
[Date "2013.08.05"]
[Round "6.9"]
[White "Siembab, Bartosz"]
[Black "Kanovsky, David"]
[Result "0-1"]
[WhiteElo "2223"]
[BlackElo "2391"]
[PlyCount "86"]
[EventDate "2013.??.??"]

1. d4 Nf6 2. c4 c5 3. d5 e6 4. Nc3 exd5 5. cxd5 d6 6. e4 g6 7. Nge2 Bg7 8. Ng3
O-O 9. Be2 a6 10. a4 Nbd7 11. O-O h5 12. f3 Nh7 13. Be3 Ne5 14. Qd2 Bd7 15. h3
h4 16. Nh1 f5 17. f4 Nf7 18. e5 dxe5 19. Bxc5 Re8 20. d6 Rc8 21. Be3 Rc6 22.
Nd5 Rxd6 23. Bc5 Rc6 24. Qb4 a5 25. Qa3 Bf8 26. Bxf8 Nxf8 27. fxe5 Rxe5 28. Bf3
Ng5 29. Rfe1 Nxf3+ 30. Qxf3 Rce6 31. Rxe5 Rxe5 32. Nc3 Bc6 33. Qf4 Qb6+ 34. Qf2
Qxf2+ 35. Nxf2 Ne6 36. Nd3 Re3 37. Re1 Rxd3 38. Rxe6 Kf7 39. Re2 Kf6 40. Kf2
Rd4 41. b3 Rd3 42. Rc2 Rg3 43. Kf1 Bxg2+ 0-1

[Event "Olomouc Chess Summer 2013 - Open Olomou"]
[Site "?"]
[Date "2013.08.05"]
[Round "6.10"]
[White "Volodin, Viktor"]
[Black "Schmidt, Raul"]
[Result "1/2-1/2"]
[WhiteElo "2188"]
[BlackElo "2371"]
[PlyCount "80"]
[EventDate "2013.??.??"]

1. Nf3 c5 2. c4 Nf6 3. Nc3 d5 4. cxd5 Nxd5 5. d4 cxd4 6. Nxd5 Qa5+ 7. Qd2 Qxd5
8. Qxd4 Qh5 9. Qe5 Qxe5 10. Nxe5 f6 11. Nc4 Nc6 12. Bd2 Bf5 13. e3 e5 14. a3
O-O-O 15. Bc3 Ne7 16. Bb4 Nc6 17. Bc3 Be7 18. Be2 Be4 19. O-O Bd3 20. Bxd3 Rxd3
21. Rfd1 Rhd8 22. Rxd3 Rxd3 23. Kf1 b5 24. Nd2 Kb7 25. Ke2 Rd7 26. Nb3 Kb6 27.
Rd1 Rxd1 28. Kxd1 a5 29. Ke2 b4 30. axb4 axb4 31. Be1 e4 32. Nd2 f5 33. f3
exf3+ 34. gxf3 Kc5 35. b3 Na5 36. Bg3 Kd5 37. Kd3 Bg5 38. Bc7 Nb7 39. Bb6 g6
40. Nc4 Nc5+ 1/2-1/2

[Event "Olomouc Chess Summer 2013 - Open Olomou"]
[Site "?"]
[Date "2013.08.05"]
[Round "6.11"]
[White "Zakharchenko, Arnold"]
[Black "Kriebel, Tadeas"]
[Result "0-1"]
[WhiteElo "2179"]
[BlackElo "2351"]
[PlyCount "62"]
[EventDate "2013.??.??"]

1. d4 Nf6 2. c4 g6 3. Nc3 d5 4. Qb3 dxc4 5. Qxc4 Bg7 6. e4 O-O 7. Be2 Nc6 8.
Nf3 Bg4 9. Be3 Bxf3 10. Bxf3 e5 11. d5 Nd4 12. O-O-O Ne8 13. h4 Nd6 14. Qd3 c5
15. dxc6 bxc6 16. h5 Rb8 17. hxg6 hxg6 18. Rd2 Rb4 19. b3 Qa5 20. Bd1 Qa3+ 21.
Kb1 Nc4 22. Ne2 Rfb8 23. Nc1 c5 24. Qc3 Qa5 25. Rd3 Na3+ 26. Kb2 c4 27. Bd2 Qa6
28. Rdh3 cxb3 29. Bxb3 Nc4+ 30. Kb1 Nxb3 31. axb3 Rxb3+ 0-1

[Event "Olomouc Chess Summer 2013 - Open Olomou"]
[Site "?"]
[Date "2013.08.05"]
[Round "6.12"]
[White "Zavurka, Roman"]
[Black "Tregubov, Andrey"]
[Result "0-1"]
[WhiteElo "2172"]
[BlackElo "2333"]
[PlyCount "92"]
[EventDate "2013.??.??"]

1. d4 Nf6 2. Nf3 e6 3. e3 b6 4. Bd3 Bb7 5. Nbd2 d5 6. O-O Be7 7. Qe2 Ne4 8.
Bb5+ c6 9. Bd3 f5 10. Ne5 O-O 11. f3 Nxd2 12. Bxd2 c5 13. c3 Nd7 14. f4 Nxe5
15. fxe5 Qe8 16. b3 Rd8 17. a4 Bc6 18. Bc1 a5 19. Bd2 Rf7 20. Rfb1 Bf8 21. Be1
Rc7 22. Bh4 Rdc8 23. Ba6 Ra8 24. Bd3 Bb7 25. Bb5 Qg6 26. Bg3 h5 27. c4 Be7 28.
Bf4 h4 29. h3 Qf7 30. Rf1 g5 31. Bh2 Rd8 32. Rad1 Qg6 33. dxc5 Bxc5 34. Kh1 Rf8
35. cxd5 Bxd5 36. Bc4 Be4 37. Bd3 Bb7 38. Bc4 g4 39. hxg4 h3 40. Rf4 hxg2+ 41.
Kg1 fxg4 42. Rf6 Rxf6 43. exf6 Qe4 44. Bxe6+ Qxe6 45. Bxc7 Bxe3+ 46. Kh2 g1=Q+
0-1

[Event "Olomouc Chess Summer 2013 - Open Olomou"]
[Site "?"]
[Date "2013.08.05"]
[Round "6.14"]
[White "Ragaa, Hassan"]
[Black "Gunajew, Rafal"]
[Result "0-1"]
[WhiteElo "2067"]
[BlackElo "2310"]
[PlyCount "84"]
[EventDate "2013.??.??"]

1. d4 c5 2. d5 e6 3. e4 exd5 4. exd5 d6 5. Nc3 Be7 6. Bb5+ Nd7 7. a4 Ngf6 8.
Nf3 O-O 9. O-O a6 10. Be2 b6 11. h3 Bb7 12. Bf4 Re8 13. Re1 Bf8 14. Bc4 Rxe1+
15. Qxe1 Qc7 16. Qd2 Ne5 17. Nxe5 dxe5 18. Bg5 Ne8 19. Ne4 Kh8 20. Rd1 f5 21.
Nc3 Nd6 22. Qe2 Be7 23. Bxe7 Qxe7 24. Re1 Qf6 25. f3 e4 26. Ba2 Re8 27. f4 b5
28. axb5 axb5 29. Nxb5 Ba6 30. c4 Bxb5 31. cxb5 Qd4+ 32. Kh1 Rb8 33. Rc1 Rxb5
34. b4 Qxb4 35. Rb1 Qa5 36. Rxb5 Qxb5 37. Qh5 Qf1+ 38. Kh2 Qxf4+ 39. Kh1 e3 40.
Qe2 h6 41. Qa6 c4 42. Qa5 e2 0-1

[Event "Olomouc Chess Summer 2013 - Open Olomou"]
[Site "?"]
[Date "2013.08.05"]
[Round "6.15"]
[White "Musaev, Rasul"]
[Black "Dvorak, Martin"]
[Result "1/2-1/2"]
[WhiteElo "2301"]
[BlackElo "2180"]
[PlyCount "60"]
[EventDate "2013.??.??"]

1. e4 Nf6 2. e5 Nd5 3. d4 d6 4. c4 Nb6 5. exd6 cxd6 6. Nc3 g6 7. Be3 Bg7 8. Rc1
O-O 9. b3 f5 10. f4 e5 11. dxe5 dxe5 12. Qxd8 Rxd8 13. fxe5 Bxe5 14. Nf3 Bxc3+
15. Rxc3 Nc6 16. Be2 Kg7 17. Kf2 Be6 18. Bxb6 axb6 19. a4 Kf6 20. h4 h6 21. g3
Rh8 22. Re3 Bf7 23. Rd1 Rhd8 24. Red3 Rxd3 25. Rxd3 Rd8 26. Rxd8 Nxd8 27. Nd4
Ke5 28. Ke3 Be8 29. Nf3+ Kd6 30. Nd4 Ke5 1/2-1/2

[Event "Olomouc Chess Summer 2013 - Open Olomou"]
[Site "?"]
[Date "2013.08.05"]
[Round "6.16"]
[White "Pogan, Nikolas"]
[Black "Mackowiak, Marek"]
[Result "1/2-1/2"]
[WhiteElo "2284"]
[BlackElo "2174"]
[PlyCount "131"]
[EventDate "2013.??.??"]

1. d4 d5 2. c4 c6 3. Nf3 Nf6 4. e3 Bg4 5. Nc3 e6 6. Qb3 Qb6 7. h3 Bh5 8. Nh4
Nbd7 9. g4 Bg6 10. Nxg6 hxg6 11. Bg2 Qxb3 12. axb3 Be7 13. g5 Ng8 14. e4 dxe4
15. Nxe4 e5 16. Be3 f5 17. gxf6 gxf6 18. dxe5 Nxe5 19. Rxa7 Rxa7 20. Bxa7 Nd3+
21. Kd2 Nf4 22. Bf1 g5 23. Ng3 Bb4+ 24. Kc2 Ne7 25. Bd4 Kf7 26. Be3 f5 27. Ne2
Ne6 28. f4 Ng6 29. fxg5 f4 30. Bd4 Rd8 31. Bf6 Rd2+ 32. Kc1 Nh4 33. Nc3 Rf2 34.
Ne4 Rf3 35. Be2 Re3 36. Bh5+ Kf8 37. Nf2 Nf5 38. Rd1 Re1 39. Nd3 Rxd1+ 40. Kxd1
Be7 41. Bxe7+ Kxe7 42. Bg4 Ne3+ 43. Ke2 Nxg4 44. hxg4 Nd4+ 45. Kf2 Nxb3 46. c5
Nd2 47. Ke2 Ne4 48. Kf3 Nxg5+ 49. Kxf4 Kf6 50. b4 Ne6+ 51. Ke4 Ng5+ 52. Ke3 Ne6
53. Nf4 Nc7 54. Ke4 Na6 55. Nd3 Kg5 56. Kf3 Nc7 57. Nf2 Na6 58. Ne4+ Kg6 59.
Nd6 Nxb4 60. Nxb7 Nd3 61. Ke4 Nf2+ 62. Ke5 Nxg4+ 63. Kd6 Nf2 64. Kxc6 Nd3 65.
Kd7 Nxc5+ 66. Nxc5 1/2-1/2

[Event "Olomouc Chess Summer 2013 - Open Olomou"]
[Site "?"]
[Date "2013.08.05"]
[Round "6.17"]
[White "Svancara, Petr"]
[Black "Sergienko, Sergey"]
[Result "0-1"]
[WhiteElo "2091"]
[BlackElo "2379"]
[PlyCount "82"]
[EventDate "2013.??.??"]

1. d4 Nf6 2. Nf3 e6 3. Bg5 h6 4. Bh4 b6 5. e3 Bb7 6. Nbd2 d6 7. h3 Nbd7 8. Be2
Be7 9. c3 O-O 10. Qc2 c5 11. O-O Nh5 12. Bxe7 Qxe7 13. Rfe1 f5 14. a4 a6 15.
Rad1 Nhf6 16. Bd3 d5 17. Ne5 Nxe5 18. dxe5 Nd7 19. f4 c4 20. Be2 Nc5 21. Nf3
Bc6 22. Ra1 Qd7 23. a5 Nb3 24. Ra3 bxa5 25. Nd4 a4 26. Kh2 Rab8 27. g4 Nxd4 28.
cxd4 Rb3 29. gxf5 exf5 30. Rxb3 cxb3 31. Qd2 Bb5 32. Bf3 Rc8 33. Rc1 Rxc1 34.
Qxc1 Qc6 35. Kh1 Bc4 36. Qb1 Qe6 37. Qc1 Kh8 38. Qc3 Qb6 39. e4 fxe4 40. Bxe4
a3 41. Bf5 a2 0-1

[Event "Olomouc Chess Summer 2013 - Open Olomou"]
[Site "?"]
[Date "2013.08.05"]
[Round "6.18"]
[White "Migala, Andrzej"]
[Black "Kelkar, Abhishek"]
[Result "0-1"]
[WhiteElo "2076"]
[BlackElo "2244"]
[PlyCount "116"]
[EventDate "2013.??.??"]

1. e4 Nf6 2. e5 Nd5 3. c4 Nb6 4. c5 Nd5 5. Nc3 Nxc3 6. dxc3 e6 7. Be3 b6 8. Qf3
Nc6 9. Bb5 Bb7 10. cxb6 cxb6 11. Qg3 Qc7 12. Nf3 O-O-O 13. Bxc6 dxc6 14. O-O c5
15. a4 g6 16. Bg5 Be7 17. Bxe7 Qxe7 18. Qf4 h6 19. Rfe1 g5 20. Qe3 Qd7 21. a5
Qd3 22. axb6 axb6 23. b4 g4 24. Nh4 Qxe3 25. Rxe3 cxb4 26. cxb4 Rd4 27. Rb1
Rhd8 28. f3 h5 29. Kf2 Rf4 30. Rc3+ Kb8 31. Ke3 Rfd4 32. Rb2 R8d5 33. g3 Rd8
34. f4 R8d7 35. Ke2 R7d5 36. Ke3 Rd1 37. Ke2 R5d4 38. f5 Rh1 39. Ke3 Re4+ 40.
Kd3 Rxe5 41. fxe6 Rxe6 42. Rf2 Be4+ 43. Kd2 Rd6+ 44. Ke2 Bd5 45. Nf5 Re6+ 46.
Kd2 Bf3 47. Rc1 Rxc1 48. Kxc1 Re4 49. Nh4 Re3 50. Nf5 Re4 51. Nh4 Rc4+ 52. Kb2
Rxb4+ 53. Ka3 Re4 54. Nxf3 Re3+ 55. Kb4 gxf3 56. h3 Kc7 57. Rf1 Kd6 58. Rf2 Ke5
0-1